LEADER 04812nam 2200649Ia 450 001 9910454073803321 005 20200520144314.0 010 $a1-281-81293-5 010 $a9786611812935 010 $a0-8261-0494-0 035 $a(CKB)1000000000704964 035 $a(EBL)423226 035 $a(OCoLC)476261500 035 $a(SSID)ssj0000092843 035 $a(PQKBManifestationID)11119960 035 $a(PQKBTitleCode)TC0000092843 035 $a(PQKBWorkID)10023409 035 $a(PQKB)10203575 035 $a(MiAaPQ)EBC423226 035 $a(Au-PeEL)EBL423226 035 $a(CaPaEBR)ebr10265439 035 $a(CaONFJC)MIL181293 035 $a(EXLCZ)991000000000704964 100 $a20060714d2006 uy 0 101 0 $aeng 135 $aur|n|---||||| 181 $ctxt 182 $cc 183 $acr 200 00$a101 careers in nursing$b[electronic resource] /$fJeanne M. Novotny ... [et al.] 205 $a2nd ed. 210 $aNew York $cSpringer Publishing Company$d2006 215 $a1 online resource (239 p.) 300 $aDescription based upon print version of record. 311 $a0-8261-0271-9 327 $aContents; Contributors; Introduction; Acute Care Nurse Practitioner; Addictions Counselor; Administrator/Manager; Adult Nurse Practitioner; Ambulatory Care/Health Center Nurse; Armed Services Nurse; Attorney; Author/Writer; Burn Nurse; Camp Nurse; Cardiovascular Nurse; Case Manager; Childbirth Educator; Child Psychiatric Nurse; Clinical Nurse Specialist; Consultant; Correctional Facility Nurse; Critical Care Nurse; Cruise Ship/Resort Nurse; Diabetes Educator; Disaster/Bioterrorism Nurse; Editor; Educator in Academia; Emergency Room Nurse; Entrepreneur; Epidemiology Nurse; Ethicist 327 $aFamily Nurse PractitionerFlight Nurse/Critical Care Transport; Forensic Nurse; Fraud and Abuse Investigator; Gastroenterology Nurse; Genetics Counselor; Geriatric Nurse Practitioner; Health Coach; Health Policy Analyst/Lobbyist; Historian; HIV/AIDS Specialist; Holistic Health Nurse/Massage Therapist; Home Health Nurse; Hospice and Palliative Care Nurse; Infection Control Nurse; Informatics Specialist; Infusion Therapy Nurse; International Health Nurse; Inventor; Lactation Counselor; Learning/Developmental Disabilities Nurse; Legal Consultant; Long-Term Care Nurse; Media Consultant 327 $aMedical Records AuditorMedical-Surgical Nurse; Neonatal Nurse Practitioner; Nephrology Nurse; Neuroscience Nurse; Nurse Anesthetist; Nurse Midwife; Nurse Psychotherapist; Nutrition Support Nurse; Occupational/Industrial Nurse; Office Nurse; Ombudsman; Oncology Nurse; Ophthalmic Nurse; Organ Donation Counselor; OR Nurse/Perioperative Nurse; Orthopedic Nurse; Otolaryngology Nurse; Pain Management Nurse; Parish Nurse; Patient Education Coordinator; Peace Corps Volunteer; Pediatric Nurse Practitioner; Perianesthesia Nurse; Perinatal Nurse; Pharmaceutical Representative 327 $aPlastic and Reconstructive Surgery NursePolitician; Private Duty Nurse; Psychiatric Nurse; Public and Community Health Nurse; Pulmonary/Respiratory Nurse; Quality Assurance Nurse; Radiology Nurse; Recruiter; Rehabilitation Nurse; Researcher; Risk-Management Nurse; Rural Health Nurse; School Nurse; Space Nurse/Astronaut; Spinal Cord Injury Nurse; Staff Development Educator; Telemetry Nurse; Telephone Triage Nurse; Transplant Nurse; Travel Nurse; University Dean/President; Women's Health Nurse; Wound/Ostomy/Continence Nurse; Launching Your Career Search 327 $aNotes from My Interview Experiences for a First Nursing PositionAppendix: Your Guide to Certification; Glossary of Acronyms 330 $aFew careers have the advantages that nursing offers: flexibility, room for growth, satisfaction from helping others. And there is a desperate need for nurses--demand will exceed supply for some time to come. This concise and handy volume profiles 101 different types of nursing careers are profiled; each includes a basic description, education requirements, skills needed, compensation, related web sites, and professional organizations. Personal stories from practicing nurses highlight the content. Students, those looking for a career change, and RNs looking for new opportunities will find a wea 606 $aNursing$xVocational guidance$zUnited States 606 $aMedicine$xVocational guidance$zUnited States 608 $aElectronic books. 615 0$aNursing$xVocational guidance 615 0$aMedicine$xVocational guidance 676 $a610.73 676 $a610.73/06/9 676 $a610.73069 701 $aNovotny$b Jeanne$0965095 801 0$bMiAaPQ 801 1$bMiAaPQ 801 2$bMiAaPQ 906 $aBOOK 912 $a9910454073803321 996 $a101 careers in nursing$92189541 997 $aUNINA LEADER 02409oas 2200733 a 450 001 9910133806603321 005 20250606213024.0 035 $a(OCoLC)800417281 035 $a(CONSER) 2012230698 035 $a(CKB)3350000000000292 035 $a(EXLCZ)993350000000000292 100 $a20120718a19919999 ua a 101 0 $aeng 135 $aur||||||||||| 181 $ctxt$2rdacontent 182 $cc$2rdamedia 183 $acr$2rdacarrier 200 10$aFHA ... annual management report /$fU.S. Department of Housing and Urban Development, Federal Housing Administration 210 $a[Washington, D.C.] $cU.S. Department of Housing and Urban Development, Federal Housing Administration 215 $a1 online resource $cillustrations 300 $a"HUD-2015-FHA"--Final screen, 517 3 $aAnnual management report 517 1 $aFederal Housing Administration annual management report 606 $aMortgage guarantee insurance$zUnited States$vStatistics$vPeriodicals 606 $aHousing$zUnited States$xFinance$vStatistics$vPeriodicals 606 $aAccounting$2fast$3(OCoLC)fst00795379 606 $aAuditing$2fast$3(OCoLC)fst00821166 606 $aExpenditures, Public$2fast$3(OCoLC)fst00918345 606 $aManagement$2fast$3(OCoLC)fst01007141 606 $aMortgage guarantee insurance$2fast$3(OCoLC)fst01026587 606 $aHousing$xFinance$2fast$3(OCoLC)fst00962283 607 $aUnited States$2fast$1https://id.oclc.org/worldcat/entity/E39PBJtxgQXMWqmjMjjwXRHgrq 608 $aPeriodicals.$2fast 608 $aStatistics.$2fast 608 $aPeriodicals.$2lcgft 608 $aStatistics.$2lcgft 615 0$aMortgage guarantee insurance 615 0$aHousing$xFinance 615 7$aAccounting. 615 7$aAuditing. 615 7$aExpenditures, Public. 615 7$aManagement. 615 7$aMortgage guarantee insurance. 615 7$aHousing$xFinance. 676 $a332.72 801 0$bGPO 801 1$bGPO 801 2$bDLC 801 2$bOCLCO 801 2$bOCLCQ 801 2$bOCLCA 801 2$bOCLCF 801 2$bOCLCO 801 2$bOCL 801 2$bOCLCQ 801 2$bGILDS 801 2$bOCLCQ 801 2$bOCLCL 801 2$bDOS 801 2$bOCLCL 906 $aJOURNAL 912 $a9910133806603321 996 $aFHA ... annual management report$92065376 997 $aUNINA